[Event "8. Open de Calvia de Aficionados 2011"]
[Site "Calvià ESP"]
[Date "2011.10.11"]
[Round "4.20"]
[White "Ponce Cano, Adrian"]
[Black "Svitek, Volker"]
[Result "1/2-1/2"]
[WhiteElo "1767"]
[BlackElo "2099"]
[PlyCount "244"]
[EventDate "2011.10.08"]
[EventType "swiss"]
[EventRounds "9"]
[EventCountry "ESP"]
[Source "lmi"]
[SourceDate "2011.10.08"]

1. e4 c5 2. Nf3 Nc6 3. Nc3 e5 4. Bc4 Be7 5. O-O Nf6 6. d3 O-O 7. h3 d6 8. Re1
Na5 9. Bd5 Nxd5 10. Nxd5 f5 11. Bd2 Nc6 12. c3 h6 13. d4 fxe4 14. Rxe4 Bf5 15.
Re1 e4 16. Nh2 Bh4 17. Be3 b6 18. Ng4 Bg5 19. Bxg5 Qxg5 20. Nde3 cxd4 21. cxd4
h5 22. Nxf5 Qxf5 23. Ne3 Qxf2+ 24. Kh1 g6 25. Qa4 Rac8 26. d5 Ne5 27. Qxe4 Rf4
28. Qb1 Qg3 29. Nf1 Qg5 30. Ne3 Rf2 31. Qe4 Rf4 32. Qb1 Rh4 33. Re2 Rf8 34. Nf1
Rhf4 35. Nh2 Qg3 36. Qg1 Qd3 37. Rae1 Qxd5 38. Rd1 Qc6 39. Red2 R4f6 40. Qd4
Kg7 41. Qd5 Qxd5 42. Rxd5 Nc4 43. R5d4 Nxb2 44. Rb1 Rf2 45. Nf3 Re8 46. Rxd6
Nc4 47. Rd7+ Kf6 48. Rc1 Ne5 49. Nxe5 Rxe5 50. Rc6+ Kg5 51. Rdd6 Rxa2 52. Rxg6+
Kf5 53. Rh6 Ke4 54. Rc4+ Kd3 55. Rc1 Kd2 56. Rf1 Ke2 57. Rhf6 Raa5 58. R6f3 Re3
59. R3f2+ Kd3 60. Rd1+ Ke4 61. Rf7 Re5 62. Rxa7 b5 63. Rb7 Rb3 64. Re1+ Kd5 65.
Rd7+ Ke6 66. Re7+ Kxe7 67. Rxe5+ Kd6 68. Rxh5 Rb1+ 69. Kh2 b4 70. Rb5 Kc6 71.
Rb8 Kc7 72. Rb5 Kc6 73. Rf5 b3 74. Rf8 b2 75. Rb8 Kd5 76. h4 Ke4 77. h5 Kf5 78.
Rb6 Kg5 79. h6 Rc1 80. h7 Rc8 81. Rxb2 Rh8 82. Rb7 Kg6 83. Kh3 Rd8 84. Kh4 Rd4+
85. g4 Rd8 86. Rc7 Ra8 87. Rc6+ Kxh7 88. Kg5 Rg8+ 89. Kh5 Rd8 90. Rc7+ Kg8 91.
g5 Rd1 92. Kh6 Rd8 93. Rc6 Ra8 94. Rc2 Ra6+ 95. Kh5 Kg7 96. Rc8 Ra7 97. Rc5 Rb7
98. Rc6 Ra7 99. Rg6+ Kh7 100. Rd6 Kg7 101. Rd5 Rb7 102. Ra5 Rc7 103. Ra3 Rb7
104. Kg4 Kg6 105. Ra4 Rb5 106. Ra6+ Kg7 107. Ra7+ Kg6 108. Ra6+ Kg7 109. Ra4
Kg6 110. Kh4 Rb7 111. Rf4 Rb5 112. Rf6+ Kg7 113. Kh5 Rb1 114. Rg6+ Kh7 115.
Rh6+ Kg7 116. Rg6+ Kh7 117. Rc6 Rh1+ 118. Kg4 Rg1+ 119. Kf5 Rf1+ 120. Ke5 Kg7
121. Rc4 Kg6 122. Rf4 Re1+ 1/2-1/2

[Event "8. Open de Calvia de Aficionados 2011"]
[Site "Calvià ESP"]
[Date "2011.10.11"]
[Round "4.21"]
[White "Mercant Simo, Jaime"]
[Black "Baatz, Karl-Heinz"]
[Result "1-0"]
[WhiteElo "2083"]
[BlackElo "1817"]
[PlyCount "63"]
[EventDate "2011.10.08"]
[EventType "swiss"]
[EventRounds "9"]
[EventCountry "ESP"]
[Source "lmi"]
[SourceDate "2011.10.08"]

1. e4 Nf6 2. e5 Nd5 3. c4 Nb6 4. c5 Nd5 5. Nc3 e6 6. Nxd5 exd5 7. d4 d6 8. cxd6
cxd6 9. Nf3 Nc6 10. Bd3 Be7 11. O-O dxe5 12. dxe5 Be6 13. a3 O-O 14. Qa4 a6 15.
Bb1 Rc8 16. h3 Na5 17. Bd2 Nc4 18. Bc3 Qd7 19. Qc2 g6 20. Qc1 Qc7 21. Qh6 Qd8
22. h4 Re8 23. Ng5 Bxg5 24. hxg5 d4 25. Rd1 Qc7 26. Rxd4 Nxe5 27. Rh4 f6 28.
gxf6 Ng4 29. Rxg4 Bxg4 30. Bxg6 hxg6 31. Qxg6+ Kf8 32. Bb4+ 1-0

[Event "8. Open de Calvia de Aficionados 2011"]
[Site "Calvià ESP"]
[Date "2011.10.11"]
[Round "4.22"]
[White "Boix Pons, Catalina"]
[Black "Luijpen, Michiel"]
[Result "0-1"]
[WhiteElo "1900"]
[BlackElo "2066"]
[PlyCount "104"]
[EventDate "2011.10.08"]
[EventType "swiss"]
[EventRounds "9"]
[EventCountry "ESP"]
[Source "lmi"]
[SourceDate "2011.10.08"]

1. d4 Nf6 2. c4 g6 3. Nc3 d5 4. Nf3 Bg7 5. Bg5 dxc4 6. e3 Be6 7. Bxc4 Bxc4 8.
Qa4+ b5 9. Nxb5 Bxb5 10. Qxb5+ Nbd7 11. Ne5 O-O 12. Nc6 Qe8 13. Qb4 e6 14. O-O
Nb6 15. Rac1 Qd7 16. Rfe1 h6 17. Bh4 g5 18. Bg3 Ne4 19. Ne7+ Kh7 20. Rxc7 Qa4
21. Qxa4 Nxa4 22. Kf1 Nxb2 23. Rb7 Nxg3+ 24. hxg3 Nc4 25. Nc6 a5 26. Rc1 Nd6
27. Rd7 Ne4 28. Na7 Kg6 29. Ke2 Rab8 30. Rc2 Nf6 31. Rdc7 Nd5 32. R7c5 a4 33.
f4 a3 34. Nb5 Bf6 35. Nxa3 Be7 36. Ra5 Ra8 37. Rxa8 Rxa8 38. Nc4 Rxa2 39. Rxa2
Nc3+ 40. Kd3 Nxa2 41. Ne5+ Kf6 42. Ng4+ Kg6 43. Ne5+ Kf6 44. Ng4+ Kg7 45. Ne5
Nb4+ 46. Ke2 Bd6 47. Nc4 Bc7 48. Kf3 Kg6 49. g4 gxf4 50. exf4 Nc2 51. Ne5+ Bxe5
52. dxe5 Ne1+ 0-1

[Event "8. Open de Calvia de Aficionados 2011"]
[Site "Calvià ESP"]
[Date "2011.10.12"]
[Round "5.1"]
[White "Diaz Nunez, Adolfo"]
[Black "Chueca Forcen, Alberto"]
[Result "1/2-1/2"]
[WhiteElo "2229"]
[BlackElo "2296"]
[PlyCount "41"]
[EventDate "2011.10.08"]
[EventType "swiss"]
[EventRounds "9"]
[EventCountry "ESP"]
[Source "lmi"]
[SourceDate "2011.10.08"]

1. Nf3 d5 2. d4 c5 3. c4 Nf6 4. cxd5 cxd4 5. Qxd4 Qxd5 6. Nc3 Qxd4 7. Nxd4 a6
8. g3 e5 9. Nb3 Nc6 10. Bg2 Be7 11. O-O Be6 12. Bg5 Rc8 13. Bxf6 gxf6 14. Nd5
Bd8 15. Rac1 O-O 16. e3 f5 17. Nc5 e4 18. Nf4 Bxa2 19. Nxb7 Be7 20. Bh3 Be6 21.
Nc5 1/2-1/2

[Event "8. Open de Calvia de Aficionados 2011"]
[Site "Calvià ESP"]
[Date "2011.10.12"]
[Round "5.2"]
[White "Garcia Del Rey, Senen"]
[Black "Scharrer, Patrick"]
[Result "0-1"]
[WhiteElo "2295"]
[BlackElo "2269"]
[PlyCount "81"]
[EventDate "2011.10.08"]
[EventType "swiss"]
[EventRounds "9"]
[EventCountry "ESP"]
[Source "lmi"]
[SourceDate "2011.10.08"]

1. c4 g6 2. g3 Bg7 3. Bg2 e5 4. Nc3 d6 5. e4 Nc6 6. Nge2 Nge7 7. d3 f5 8. Be3
O-O 9. Qd2 Nd4 10. O-O-O c6 11. h4 h5 12. Bg5 Ne6 13. f4 Nxg5 14. hxg5 Be6 15.
Bh3 b5 16. exf5 Bxf5 17. Bxf5 Nxf5 18. cxb5 cxb5 19. Nd5 exf4 20. gxf4 Rc8+ 21.
Kb1 Rc5 22. Nf6+ Bxf6 23. gxf6 Qxf6 24. Rdg1 h4 25. Nc3 Ng3 26. Ne4 Qxf4 27.
Qxf4 Rxf4 28. Nxg3 hxg3 29. Rxg3 Kf7 30. a3 Rh5 31. Rhg1 Rh2 32. Rxg6 Rff2 33.
Rg7+ Ke6 34. Re1+ Kd5 35. Rxa7 Rxb2+ 36. Ka1 Ra2+ 37. Kb1 Rab2+ 38. Ka1 Kd4 39.
Rd1 Kc3 40. Rc7+ Kb3 41. Rb1 0-1

[Event "8. Open de Calvia de Aficionados 2011"]
[Site "Calvià ESP"]
[Date "2011.10.12"]
[Round "5.3"]
[White "Sokalsky, Alexander"]
[Black "Perez Lopez, Jesus Maria"]
[Result "1/2-1/2"]
[WhiteElo "2226"]
[BlackElo "2280"]
[PlyCount "89"]
[EventDate "2011.10.08"]
[EventType "swiss"]
[EventRounds "9"]
[EventCountry "ESP"]
[Source "lmi"]
[SourceDate "2011.10.08"]

1. b3 d5 2. Bb2 Bf5 3. Nf3 e6 4. e3 Nf6 5. Be2 h6 6. O-O Nbd7 7. c4 c6 8. d4
Be7 9. Nc3 O-O 10. Rc1 Qb8 11. Nh4 Bh7 12. cxd5 exd5 13. g3 Ne4 14. Nxe4 Bxe4
15. Ng2 a5 16. a3 Re8 17. Nf4 Bd6 18. Nd3 Qd8 19. Bg4 Qe7 20. Bh3 Bxd3 21. Qxd3
a4 22. b4 Nb6 23. Rce1 Qe4 24. Qxe4 Rxe4 25. f3 Re7 26. Kf2 Nc4 27. Re2 Rae8
28. Bc1 b6 29. Rd1 h5 30. Bf5 g6 31. Bd3 b5 32. Bxc4 bxc4 33. Bd2 f5 34. h4 Re6
35. f4 Kf7 36. Bc1 Ke7 37. Rc2 Kd7 38. Rc3 Kc7 39. Kf3 Kb6 40. Kf2 Kb5 41. Kf3
Re4 42. Kf2 Bc7 43. Kf3 Bb6 44. Kf2 R8e7 45. Kf3 1/2-1/2

[Event "8. Open de Calvia de Aficionados 2011"]
[Site "Calvià ESP"]
[Date "2011.10.12"]
[Round "5.4"]
[White "Navarro Ortiz De Ortuno, Borja"]
[Black "Spence, David J"]
[Result "1/2-1/2"]
[WhiteElo "2275"]
[BlackElo "2199"]
[PlyCount "69"]
[EventDate "2011.10.08"]
[EventType "swiss"]
[EventRounds "9"]
[EventCountry "ESP"]
[Source "lmi"]
[SourceDate "2011.10.08"]

1. d4 e6 2. c4 Nf6 3. Nf3 b6 4. g3 Ba6 5. Qa4 Bb7 6. Bg2 c5 7. dxc5 bxc5 8. O-O
Be7 9. Nc3 O-O 10. Rd1 Qb6 11. Qb5 Rd8 12. Bf4 d6 13. h3 Bc6 14. Qb3 h6 15. g4
Na6 16. Rd2 Nc7 17. Qxb6 axb6 18. Ne1 Bxg2 19. Kxg2 Nfe8 20. Rad1 Bg5 21. Bxg5
hxg5 22. a3 f6 23. Nc2 Kf7 24. Ne3 Ke7 25. Kg3 Rab8 26. a4 Na6 27. Nc2 Nec7 28.
b3 Rb7 29. e3 Nb8 30. Ne4 Ne8 31. Na3 Rbd7 32. Nc3 Nc6 33. Nab5 Na5 34. Rb1 Nc6
35. Rbd1 1/2-1/2

[Event "8. Open de Calvia de Aficionados 2011"]
[Site "Calvià ESP"]
[Date "2011.10.12"]
[Round "5.5"]
[White "Myhrvold, Rune"]
[Black "Rodriguez Fontecha, Marcos"]
[Result "0-1"]
[WhiteElo "2183"]
[BlackElo "2244"]
[PlyCount "56"]
[EventDate "2011.10.08"]
[EventType "swiss"]
[EventRounds "9"]
[EventCountry "ESP"]
[Source "lmi"]
[SourceDate "2011.10.08"]

1. e4 c6 2. d4 d5 3. e5 c5 4. c4 Nc6 5. Nf3 cxd4 6. Nxd4 e6 7. Nc3 Nge7 8. cxd5
Nxd5 9. Nxc6 bxc6 10. Nxd5 exd5 11. Qa4 Qb6 12. Be3 Bb4+ 13. Kd1 d4 14. Bf4 O-O
15. Bd3 Be7 16. Qc2 Ba6 17. b3 h6 18. Bxa6 Qxa6 19. Qc4 Qa3 20. Bc1 Qa5 21. Re1
Bb4 22. Re4 Bc3 23. Rb1 Qxa2 24. Qd3 Qxf2 25. Rg4 f5 26. Rg3 f4 27. Rg4 Rae8
28. Qe4 d3 0-1

[Event "8. Open de Calvia de Aficionados 2011"]
[Site "Calvià ESP"]
[Date "2011.10.12"]
[Round "5.6"]
[White "Matthiesen, Martin"]
[Black "Asensio, Enrique"]
[Result "1-0"]
[WhiteElo "2277"]
[BlackElo "2178"]
[PlyCount "81"]
[EventDate "2011.10.08"]
[EventType "swiss"]
[EventRounds "9"]
[EventCountry "ESP"]
[Source "lmi"]
[SourceDate "2011.10.08"]

1. d4 Nf6 2. c4 g6 3. Nc3 d5 4. cxd5 Nxd5 5. e4 Nxc3 6. bxc3 Bg7 7. Bc4 c5 8.
Ne2 O-O 9. O-O Nc6 10. Be3 Qc7 11. Rc1 Rd8 12. Qd2 e5 13. Bd5 Be6 14. dxc5 Na5
15. c4 Bf8 16. Qc3 Re8 17. Rb1 a6 18. Rb6 Nc6 19. Rfb1 Nd8 20. Nc1 Bxc5 21.
Bxc5 Qxc5 22. Qxe5 Nc6 23. Qc3 Bxd5 24. exd5 Na5 25. Nd3 Qxc4 26. Qxc4 Nxc4 27.
Rxb7 Re2 28. a4 g5 29. Rc7 Nd6 30. Rd1 Rd8 31. Nb4 Ne4 32. Nc6 Re8 33. f3 Nc3
34. Rd3 Nxa4 35. d6 Nb2 36. Rd5 Re1+ 37. Kf2 Nd1+ 38. Kg3 Ne3 39. Rxg5+ Kf8 40.
d7 Nf1+ 41. Kh3 1-0

[Event "8. Open de Calvia de Aficionados 2011"]
[Site "Calvià ESP"]
[Date "2011.10.12"]
[Round "5.7"]
[White "Donovan, Linton"]
[Black "Lacrosse, Marc"]
[Result "1/2-1/2"]
[WhiteElo "2262"]
[BlackElo "2144"]
[PlyCount "53"]
[EventDate "2011.10.08"]
[EventType "swiss"]
[EventRounds "9"]
[EventCountry "ESP"]
[Source "lmi"]
[SourceDate "2011.10.08"]

1. e4 e5 2. Bc4 Nf6 3. d3 Nc6 4. Nc3 Bc5 5. f4 d6 6. Nf3 Bg4 7. Na4 O-O 8. Nxc5
dxc5 9. O-O Qd6 10. h3 Bxf3 11. Qxf3 b5 12. Bd5 Nd4 13. Qf2 Nxd5 14. exd5 Qxd5
15. c3 Nc6 16. Be3 Rfe8 17. Bxc5 exf4 18. d4 g5 19. a4 a6 20. Rfe1 Rad8 21.
axb5 axb5 22. Qf1 Re6 23. Rxe6 fxe6 24. Qxb5 e5 25. Ra6 exd4 26. c4 Qe4 27.
Qxc6 1/2-1/2

[Event "8. Open de Calvia de Aficionados 2011"]
[Site "Calvià ESP"]
[Date "2011.10.12"]
[Round "5.8"]
[White "Galiana Salom, Juan Ramon"]
[Black "Planas Gene, Juan"]
[Result "1-0"]
[WhiteElo "2236"]
[BlackElo "2105"]
[PlyCount "23"]
[EventDate "2011.10.08"]
[EventType "swiss"]
[EventRounds "9"]
[EventCountry "ESP"]
[Source "lmi"]
[SourceDate "2011.10.08"]

1. e4 e5 2. Bc4 Nf6 3. Qe2 Nc6 4. Nf3 Be7 5. O-O O-O 6. c3 d6 7. h3 Na5 8. Bb5
Bd7 9. d4 Bxb5 10. Qxb5 b6 11. dxe5 Nxe4 12. b4 1-0

[Event "8. Open de Calvia de Aficionados 2011"]
[Site "Calvià ESP"]
[Date "2011.10.12"]
[Round "5.9"]
[White "Van Den Bersselaar, Jeroen"]
[Black "Saez Gabikagogeaskoa, Oscar"]
[Result "1-0"]
[WhiteElo "2211"]
[BlackElo "1995"]
[PlyCount "85"]
[EventDate "2011.10.08"]
[EventType "swiss"]
[EventRounds "9"]
[EventCountry "ESP"]
[Source "lmi"]
[SourceDate "2011.10.08"]

1. d4 Nf6 2. c4 c5 3. d5 b5 4. Nf3 g6 5. cxb5 a6 6. b6 Bg7 7. Nc3 Qxb6 8. e4 d6
9. Nd2 O-O 10. a4 Nbd7 11. a5 Qc7 12. Be2 e6 13. dxe6 fxe6 14. Nc4 Nxe4 15.
Nxe4 d5 16. Ng5 Ne5 17. Nb6 Rb8 18. O-O h6 19. Nxc8 Qxc8 20. Nf3 Nc6 21. Qc2
Ne7 22. Nh4 Kh7 23. Bh5 Rf6 24. Bd2 e5 25. f3 c4 26. Rfe1 Qc5+ 27. Be3 d4 28.
Bf2 Qb5 29. Bg4 Rf4 30. g3 d3 31. Qd2 Rff8 32. Rac1 Nd5 33. Re4 h5 34. Be6 Bh6
35. f4 exf4 36. Rexc4 fxg3 37. Rc7+ Nxc7 38. Rxc7+ Bg7 39. Bd4 gxh2+ 40. Kxh2
Rb7 41. Qg2 Rxc7 42. Qxg6+ Kh8 43. Qh6# 1-0

[Event "8. Open de Calvia de Aficionados 2011"]
[Site "Calvià ESP"]
[Date "2011.10.12"]
[Round "5.10"]
[White "Walton, Alan J"]
[Black "Sanchez Jerez, Emilio Miguel"]
[Result "0-1"]
[WhiteElo "2164"]
[BlackElo "2275"]
[PlyCount "56"]
[EventDate "2011.10.08"]
[EventType "swiss"]
[EventRounds "9"]
[EventCountry "ESP"]
[Source "lmi"]
[SourceDate "2011.10.08"]

1. d4 f5 2. Bg5 h6 3. Bh4 g5 4. Bg3 Nf6 5. e3 d6 6. h4 Rg8 7. Be2 g4 8. Bc4 e6
9. Ne2 Nc6 10. Nf4 d5 11. Be2 Ne4 12. Nd2 Nxg3 13. fxg3 e5 14. dxe5 Nxe5 15.
Nb3 c6 16. O-O Bd6 17. Rc1 Qe7 18. c4 dxc4 19. Bxc4 Nxc4 20. Rxc4 Be6 21. Nxe6
Qxe6 22. Qc1 Rf8 23. e4 fxe4 24. Re1 O-O-O 25. Rxc6+ Kb8 26. Rc4 Bxg3 27. Nc5
Bf2+ 28. Kh1 Qf6 0-1

[Event "8. Open de Calvia de Aficionados 2011"]
[Site "Calvià ESP"]
[Date "2011.10.12"]
[Round "5.11"]
[White "Tscharotschkin, Michael"]
[Black "Sokalskaja, Elena"]
[Result "1-0"]
[WhiteElo "2223"]
[BlackElo "2040"]
[PlyCount "79"]
[EventDate "2011.10.08"]
[EventType "swiss"]
[EventRounds "9"]
[EventCountry "ESP"]
[Source "lmi"]
[SourceDate "2011.10.08"]

1. e4 c6 2. d4 d5 3. exd5 cxd5 4. Bd3 Nc6 5. c3 e5 6. dxe5 Nxe5 7. Be2 Nf6 8.
Nf3 Nxf3+ 9. Bxf3 Bc5 10. O-O O-O 11. Nd2 Be6 12. Nb3 Be7 13. Nd4 Qd7 14. Re1
Rae8 15. Be3 a6 16. Qd3 Bg4 17. Bg5 Bxf3 18. Nxf3 h6 19. Ne5 Qd8 20. Bxf6 Bxf6
21. Ng4 Bg5 22. g3 h5 23. Ne3 Bxe3 24. Rxe3 Qb6 25. Rxe8 Rxe8 26. b3 Qc5 27.
Rd1 h4 28. Qxd5 Qxc3 29. Qxb7 h3 30. Qxa6 Qf3 31. Qf1 g5 32. Rd3 Qa8 33. a4 g4
34. f3 Qa7+ 35. Kh1 Qa5 36. Rd1 gxf3 37. Kg1 Qc5+ 38. Qf2 Qc3 39. Qd2 Qxb3 40.
Qg5+ 1-0

[Event "8. Open de Calvia de Aficionados 2011"]
[Site "Calvià ESP"]
[Date "2011.10.12"]
[Round "5.12"]
[White "Fernandez-Baldor Anibarro, Pablo"]
[Black "Kyrkjebo, Erlend"]
[Result "1-0"]
[WhiteElo "2175"]
[BlackElo "2026"]
[PlyCount "47"]
[EventDate "2011.10.08"]
[EventType "swiss"]
[EventRounds "9"]
[EventCountry "ESP"]
[Source "lmi"]
[SourceDate "2011.10.08"]

1. e4 c5 2. Nf3 g6 3. g3 Bg7 4. Bg2 Nc6 5. O-O e6 6. Re1 Nge7 7. d3 O-O 8. Nbd2
d5 9. e5 b6 10. Nf1 Ba6 11. h4 Qc7 12. Bf4 Rfd8 13. Qd2 d4 14. N1h2 h5 15. g4
hxg4 16. Nxg4 Nf5 17. Bg5 Rf8 18. Nf6+ Kh8 19. h5 gxh5 20. Qf4 Nce7 21. Qh2 Ng8
22. Qxh5+ Ngh6 23. Nh4 Bxf6 24. exf6 1-0

[Event "8. Open de Calvia de Aficionados 2011"]
[Site "Calvià ESP"]
[Date "2011.10.12"]
[Round "5.13"]
[White "Luijpen, Michiel"]
[Black "Fruebing, Thomas"]
[Result "0-1"]
[WhiteElo "2066"]
[BlackElo "2166"]
[PlyCount "54"]
[EventDate "2011.10.08"]
[EventType "swiss"]
[EventRounds "9"]
[EventCountry "ESP"]
[Source "lmi"]
[SourceDate "2011.10.08"]

1. e4 e6 2. d4 d5 3. Nc3 Bb4 4. e5 c5 5. Bd2 cxd4 6. Nb5 Bxd2+ 7. Qxd2 Ne7 8.
Nd6+ Kf8 9. f4 Nbc6 10. Nf3 Bd7 11. O-O-O Qb6 12. g4 Nc8 13. f5 Nxd6 14. exd6
Nb4 15. Nxd4 Qxd6 16. fxe6 fxe6 17. Bh3 h6 18. Rhg1 Nc6 19. Nxc6 bxc6 20. Rdf1+
Kg8 21. g5 hxg5 22. Qxg5 Rh7 23. Rg3 Rf8 24. Rxf8+ Qxf8 25. Qg4 Rh6 26. Rc3 c5
27. Re3 Qf6 0-1

[Event "8. Open de Calvia de Aficionados 2011"]
[Site "Calvià ESP"]
[Date "2011.10.12"]
[Round "5.14"]
[White "Strand, Oyvin"]
[Black "Gaya Llodra, Juan"]
[Result "0-1"]
[WhiteElo "2021"]
[BlackElo "2160"]
[PlyCount "72"]
[EventDate "2011.10.08"]
[EventType "swiss"]
[EventRounds "9"]
[EventCountry "ESP"]
[Source "lmi"]
[SourceDate "2011.10.08"]

1. d4 Nf6 2. e3 g6 3. Bd3 Bg7 4. Nf3 O-O 5. O-O d6 6. Nbd2 c5 7. c3 Nc6 8. e4
cxd4 9. Nxd4 e5 10. Nc2 d5 11. Qe2 h6 12. b4 dxe4 13. Nxe4 Nxe4 14. Bxe4 f5 15.
Rd1 Qf6 16. Bd5+ Kh7 17. Bb2 Ne7 18. Bb3 f4 19. c4 f3 20. Qxf3 Qxf3 21. gxf3
Nf5 22. c5 Nh4 23. Bd5 Nxf3+ 24. Bxf3 Rxf3 25. Rd8 Rf5 26. Ne3 Rg5+ 27. Kh1 Bf5
28. h4 Be4+ 29. Kh2 Rxd8 30. hxg5 Rd2 31. Nd1 Bf3 32. gxh6 Bf6 33. Bc3 Rxd1 34.
Rxd1 Bxd1 35. f4 Kxh6 36. fxe5 Be7 0-1

[Event "8. Open de Calvia de Aficionados 2011"]
[Site "Calvià ESP"]
[Date "2011.10.12"]
[Round "5.15"]
[White "Svensson, Leif 1940"]
[Black "Navarrete Terrasa, Sebastian"]
[Result "1/2-1/2"]
[WhiteElo "2156"]
[BlackElo "2002"]
[PlyCount "51"]
[EventDate "2011.10.08"]
[EventType "swiss"]
[EventRounds "9"]
[EventCountry "ESP"]
[Source "lmi"]
[SourceDate "2011.10.08"]

1. d4 Nf6 2. Nc3 d5 3. Bg5 Bf5 4. e3 e6 5. g4 Bg6 6. Nge2 c6 7. Nf4 Bd6 8. Nxg6
hxg6 9. h4 Nbd7 10. Bg2 Qc7 11. Bxf6 Nxf6 12. g5 Nd7 13. Qd3 e5 14. O-O-O e4
15. Qf1 O-O-O 16. f3 exf3 17. Qxf3 Nb6 18. Rdf1 Nc4 19. Nd1 Qa5 20. c3 Qxa2 21.
Qg4+ Kb8 22. Rxf7 Qa1+ 23. Kc2 Qa4+ 24. Kc1 Qa1+ 25. Kc2 Qa4+ 26. Kc1 1/2-1/2

[Event "8. Open de Calvia de Aficionados 2011"]
[Site "Calvià ESP"]
[Date "2011.10.12"]
[Round "5.16"]
[White "Schuermans, Robert"]
[Black "Carlsten, Peter"]
[Result "0-1"]
[WhiteElo "2139"]
[BlackElo "2019"]
[PlyCount "142"]
[EventDate "2011.10.08"]
[EventType "swiss"]
[EventRounds "9"]
[EventCountry "ESP"]
[Source "lmi"]
[SourceDate "2011.10.08"]

1. e4 c5 2. Nf3 Nc6 3. d4 cxd4 4. Nxd4 g6 5. Nc3 Bg7 6. Be3 Nf6 7. Nxc6 bxc6 8.
e5 Ng8 9. Bd4 Qa5 10. Bc4 Bxe5 11. O-O f6 12. Bxe5 fxe5 13. Qf3 Nf6 14. Rfe1
Qc7 15. Qg3 d6 16. Kh1 Bf5 17. Bb3 Kf8 18. Qe3 Ng4 19. Qg3 h5 20. h3 h4 21. Qf3
Nf6 22. Qe3 Qb6 23. Qe2 Rh7 24. Rad1 e4 25. Qd2 d5 26. Na4 Qc7 27. Nc5 Qd6 28.
Nb7 Qe5 29. c4 e6 30. Na5 Rc8 31. Qb4+ c5 32. Qb5 d4 33. Nc6 Qd6 34. Ba4 e5 35.
Na5 Rb8 36. Qc6 Qxc6 37. Nxc6 Rxb2 38. Nxe5 Rxa2 39. Bc6 Ke7 40. f4 e3 41. Bf3
Kd6 42. Ra1 Rxa1 43. Rxa1 Rc7 44. Ra3 Be4 45. Ra6+ Ke7 46. Bxe4 Nxe4 47. Nxg6+
Kf7 48. Ne5+ Kg7 49. Rg6+ Kh7 50. Re6 Rb7 51. Kh2 Ng3 52. Nf3 Rb1 53. Nxh4 e2
54. Nf3 Nf1+ 55. Kg1 d3 56. Kf2 Rb2 57. g4 Nd2 58. f5 Nxf3 59. Kxf3 Rb1 60.
Rxe2 dxe2 61. Kxe2 Rh1 62. Kf3 Rxh3+ 63. Kf4 a5 64. g5 a4 65. Ke5 a3 66. Kf6 a2
67. Kf7 a1=Q 68. g6+ Kh8 69. f6 Qa7+ 70. Kf8 Rg3 71. f7 Qb8+ 0-1

[Event "8. Open de Calvia de Aficionados 2011"]
[Site "Calvià ESP"]
[Date "2011.10.12"]
[Round "5.17"]
[White "Berendsen, Markus"]
[Black "Rhein, Klaus"]
[Result "1/2-1/2"]
[WhiteElo "2035"]
[BlackElo "2126"]
[PlyCount "42"]
[EventDate "2011.10.08"]
[EventType "swiss"]
[EventRounds "9"]
[EventCountry "ESP"]
[Source "lmi"]
[SourceDate "2011.10.08"]

1. c4 g6 2. g3 Bg7 3. Nc3 c5 4. Bg2 Nc6 5. Nf3 b6 6. a3 Bb7 7. O-O Nh6 8. d4
Nxd4 9. Nxd4 Bxg2 10. Kxg2 cxd4 11. Bxh6 Bxh6 12. Qxd4 O-O 13. Rfd1 d6 14. e3
Bg7 15. Qd3 Bxc3 16. Qxc3 Rc8 17. Qd3 Qd7 18. Rac1 Rc7 19. Rc3 Re8 20. Rdc1 Rc5
21. h4 Rh5 1/2-1/2

[Event "8. Open de Calvia de Aficionados 2011"]
[Site "Calvià ESP"]
[Date "2011.10.12"]
[Round "5.18"]
[White "Svensson, Mikael"]
[Black "Juan Mas, Santiago"]
[Result "1-0"]
[WhiteElo "2016"]
[BlackElo "2124"]
[PlyCount "93"]
[EventDate "2011.10.08"]
[EventType "swiss"]
[EventRounds "9"]
[EventCountry "ESP"]
[Source "lmi"]
[SourceDate "2011.10.08"]

1. e4 Nc6 2. Nc3 Nd4 3. f4 e6 4. Nf3 Bc5 5. Na4 Nxf3+ 6. Qxf3 d6 7. Nxc5 dxc5
8. b3 Ne7 9. Bb2 O-O 10. Qc3 f6 11. Qxc5 b6 12. Qe3 c5 13. Bc4 Nc6 14. O-O Kh8
15. c3 Qe7 16. g4 Na5 17. Be2 Bb7 18. g5 fxg5 19. fxg5 Qd6 20. Rxf8+ Rxf8 21.
Rf1 Nc6 22. Rxf8+ Qxf8 23. d4 cxd4 24. cxd4 Qe7 25. Bg4 Kg8 26. h4 Nd8 27. Bf3
Qc7 28. Bg2 Qc2 29. Bc3 Qd1+ 30. Kh2 Qc2 31. d5 exd5 32. exd5 Qf5 33. Qe8+ Qf8
34. Qe5 Nf7 35. Qd4 Nd6 36. Qe5 Nb5 37. Bb2 Qd6 38. Kg3 Kf7 39. a4 Qxe5+ 40.
Bxe5 Na3 41. Be4 b5 42. Bd6 bxa4 43. Bxa3 axb3 44. Kf4 g6 45. Ke5 Bc8 46. d6
Bd7 47. Bd5+ 1-0

[Event "8. Open de Calvia de Aficionados 2011"]
[Site "Calvià ESP"]
[Date "2011.10.12"]
[Round "5.19"]
[White "Sanchez Garcia, Julio"]
[Black "Hallerod, Ralph"]
[Result "0-1"]
[WhiteElo "2007"]
[BlackElo "2122"]
[PlyCount "142"]
[EventDate "2011.10.08"]
[EventType "swiss"]
[EventRounds "9"]
[EventCountry "ESP"]
[Source "lmi"]
[SourceDate "2011.10.08"]

1. d4 Nf6 2. c4 e6 3. g3 Bb4+ 4. Bd2 Qe7 5. Bg2 O-O 6. Nf3 a5 7. O-O Nc6 8. Bf4
Bd6 9. Bc1 Qd8 10. Nc3 Re8 11. e4 e5 12. d5 Nb8 13. Be3 Bb4 14. Nd2 Bxc3 15.
bxc3 d6 16. f3 b6 17. Rf2 Ba6 18. Bf1 Nbd7 19. Bd3 Qe7 20. f4 exf4 21. gxf4
Nxd5 22. Bd4 N5f6 23. Qf3 c5 24. Bxf6 Qxf6 25. e5 dxe5 26. Ne4 Qxf4 27. Qh3 Qh6
28. Qxd7 Rf8 29. Qf5 Qg6+ 30. Qxg6 hxg6 31. Rb1 f5 32. Ng5 Rfd8 33. Bf1 Rd6 34.
Rfb2 Rb8 35. Kf2 Kf8 36. Nf3 e4 37. Nd2 Re6 38. Nb3 Rd8 39. Nc1 Rdd6 40. h4 f4
41. Ne2 Rf6 42. Ng1 e3+ 43. Kg2 Bb7+ 44. Nf3 Be4 45. Be2 Bxb1 46. Rxb1 Ke7 47.
Kh3 Rd8 48. Kg4 Rdd6 49. Rb2 Kd7 50. Ng5 Rd2 51. Rxd2+ exd2 52. Ne4 Re6 53.
Kxf4 Kc6 54. Bf3 Kc7 55. Ke3 Re8 56. Kxd2 Rh8 57. Ng5 Rxh4 58. Ne6+ Kd6 59.
Nxg7 Rxc4 60. Ne8+ Ke5 61. Kc2 Rf4 62. Be2 g5 63. Ng7 Ra4 64. Kb3 Re4 65. Bf3
Rf4 66. Bc6 Rh4 67. Ne8 Rh7 68. Kc4 g4 69. Kb5 g3 70. Nf6 Kxf6 71. Kxb6 Ke5 0-1

[Event "8. Open de Calvia de Aficionados 2011"]
[Site "Calvià ESP"]
[Date "2011.10.12"]
[Round "5.20"]
[White "Obers, Frits"]
[Black "Rodvik, Trym Daniel"]
[Result "1/2-1/2"]
[WhiteElo "2105"]
[BlackElo "1909"]
[PlyCount "76"]
[EventDate "2011.10.08"]
[EventType "swiss"]
[EventRounds "9"]
[EventCountry "ESP"]
[Source "lmi"]
[SourceDate "2011.10.08"]

1. c4 Nf6 2. g3 g6 3. Bg2 Bg7 4. Nc3 O-O 5. e4 d6 6. Nge2 c5 7. O-O Nc6 8. d3
Bd7 9. h3 a6 10. Be3 b5 11. cxb5 axb5 12. Nxb5 Qa5 13. Nec3 Rfb8 14. Rb1 Ra6
15. d4 cxd4 16. Nxd4 Nxd4 17. Bxd4 Be6 18. b3 Rc8 19. b4 Qa3 20. b5 Raa8 21. b6
Rab8 22. Qc1 Qxc1 23. Rfxc1 Rc4 24. Be3 Nd7 25. Nd5 Rxc1+ 26. Rxc1 Bxd5 27.
exd5 Nxb6 28. Rb1 Nd7 29. Rxb8+ Nxb8 30. Bf1 Nd7 31. Bb5 Nc5 32. a4 Bc3 33. Kf1
e6 34. Bxc5 dxc5 35. d6 Kf8 36. Ke2 Bb4 37. d7 Ke7 38. Kd3 Kd8 1/2-1/2